1091 1369 1207 1770 1169 1428 1774 1475 1454 1625 1120 1906 1705 1042 1210 1626 1656 1221 1081 1224 1669 1381 1648 1476 1180 1721 1478 1580 1290 1464 1102 1803 1084 1622 1013 1416 1498 1125 1653 1248 1703 1133 1594 1364 1337 1385 1918 1198 1211 1168 1665 1908 1381 1309 1635 1866 1526 1519 1713 1004 1711 1489 1577 1631 1506 1013 1383 1333 1955 1797 1199 1927 1662 1845 1328 1423 1237 1667 1598 1603 1096 1274 1538 1243 1250 1081 1704 1173 1453 1739 1867 1819 1074 1919 1784 1777 1138 1360 1659 BCNSPRNW ULIB Ver.6.0+V

เปลี่ยนเป็นภาษาไทย

Change to English
 แสดงรายละเอียดบรรณานุกรม
  กลับหน้าหลัก

Brief Record : Get Marc (ISO 2709) : E-mail record : QR code < ปิดหน้าต่าง
LEADER : 00000nam 2200000uu 4500
001    13399123966
003     ULIB
008    141217s2556||||th 000 0 tha d
020    ^a9786165155496
060  4 ^aWS270^bพ187ร
100    ^aพนมกร ดิษฐสุวรรณ์.
245    ^aโรคกระดูกเด็กปัญหาไม่เล็กแต่แก้ได้/^cพนมกร ดิษฐสุวรรณ์.
250    ^aพิมพ์ครั้งที่ 1
260    ^aกรุงเทพฯ :^bเนชั่น อินเตอร์เนชัลแนล เอ็ดดูเทนเมนท์,^c2556
300    ^a128 หน้า
505 0  ^aอาการน่าสงสัย สังเกตเห็นได้ตั้งแต่แรกคลอด จนถึงปฐมวัย,อุบัติเหตุ ผลกระทบในระยะยาว หากแก้ไขไม่ถูกวิธี,อยากรู้-อยากถาม
650    ^aกระดูก^xโรค
945    ^p130^l0^i037341
945    ^p130^l0^i037342
945    ^p130^l0^i037343
945    ^p130^l0^i037344
945    ^p130^l0^i037345
999    ^aเกษร โพธิ์สุวรรณ
รายการนี้ยังไม่มีแท็ก
คุณยังไม่ได้ล็อกอิน คุณสามารถมีกิจกรรมร่วมกับเว็บไซต์ได้ แต่ต้องล็อกอินก่อน ::
  ล็อกอิน

รายการสื่อสารสนเทศ

ลำดับที่ ประเภท เลขเรียก/บาร์โค้ด สถานที่ สถานะ
1. วิทยาศาสตร์การแพทย์ และสุขภาพ
หนังสือสำรอง
สถานะ=หนังสือสำรอง
WS270 พ187ร ฉ.1 
  Barcode: 037341
ห้องสมุดวิทยาเขตสวรรค์ประชารักษ์
►ส่วนจัดเก็บหนังสือเก่า สปร
บนชั้น
  ขอยืม
2. วิทยาศาสตร์การแพทย์ และสุขภาพ
วิทยาศาสตร์การแพทย์ และสุขภาพ
WS270 พ187ร ฉ.2 
  Barcode: 037342
ห้องสมุดวิทยาเขตสวรรค์ประชารักษ์
►ส่วนจัดเก็บหนังสือเก่า สปร
บนชั้น
  ขอยืม
3. วิทยาศาสตร์การแพทย์ และสุขภาพ
วิทยาศาสตร์การแพทย์ และสุขภาพ
WS270 พ187ร ฉ.3 
  Barcode: 037343
ห้องสมุดวิทยาเขตสวรรค์ประชารักษ์
►หนังสือทั่วไป
บนชั้น
4. วิทยาศาสตร์การแพทย์ และสุขภาพ
วิทยาศาสตร์การแพทย์ และสุขภาพ
WS270 พ187ร ฉ.4 
  Barcode: 037344
ห้องสมุดวิทยาเขตสวรรค์ประชารักษ์
►ส่วนจัดเก็บหนังสือเก่า สปร
บนชั้น
  ขอยืม
5. วิทยาศาสตร์การแพทย์ และสุขภาพ
วิทยาศาสตร์การแพทย์ และสุขภาพ
WS270 พ187ร ฉ.5 
  Barcode: 037345
ห้องสมุดวิทยาเขตสวรรค์ประชารักษ์
►ส่วนจัดเก็บหนังสือเก่า สปร
บนชั้น
  ขอยืม

รายการใกล้เคียง
    ผู้แต่ง [พนมกร ดิษฐสุวรรณ์.]

BibComment


ยังไม่เคยถูกคอมเมนท์

คอมเมนท์ทรัพยากรรายการนี้
  คอมเมนท์: โรคกระดูกเด็กปัญ..


 Copyright 2026. Bcnsprnw @Library